000 00825cam a2200265 4500
008 000000n2000 000 0 eng u
020 _a0646388061
035 _a(Sirsi) u105762
050 _a333.330994
100 _aParker, David
_xEditor
245 _aProperty into the next millennium.
260 _aAustralia
_bPacific Rim Real Estate Society
_c2000
300 _axxiii,117p. ; 21cm.
350 _aA$50.00
520 _aAustralian Land Economics Review special edition co-sponsored by the RICS Research Foundation.
650 _aABOUT RICS-RELATED ORGANISATIONS-RICS RESEARCH FOUNDATION
650 _aAUSTRALIA
650 _aPROPERTY MARKET
650 _aPROPERTY INDUSTRY
650 _aFORECASTS
650 _aCHINA
650 _aGLOBALISATION
690 _aINTERNATIONAL-AUSTRALASIA
942 _n0
999 _c100470
_d100470